| 000 | 00745nam a2200229 i 4500 | ||
|---|---|---|---|
| 001 | 26664 | ||
| 003 | ES-MaACL | ||
| 005 | 20230906153500.0 | ||
| 007 | t| | ||
| 008 | 030110s1982 mx ||||1| spa d | ||
| 020 | _a968-16-1041-5 | ||
| 100 | 1 |
_aArvon, Henri. _923520 |
|
| 245 | 1 | 3 |
_aLa autogestión / _cpor Henri Arvon ; traducción de David F. Alvarez Aub. |
| 250 | _a[1ª ed. en español]. | ||
| 260 |
_aMéxico : _bFondo de Cultura Económica, _c1982. |
||
| 300 |
_a168 p. ; _c17 cm. |
||
| 490 | 1 |
_aBreviarios del Fondo de Cultura Económica ; _v325 |
|
| 700 | 1 |
_aÁlvarez Aub, David F. _920700 |
|
| 830 | 0 |
_aBreviarios del Fondo de Cultura Económica ; _v325 _9179682 |
|
| 852 |
_aES-MaACL _jL-8428 _bR.109099 |
||
| 999 |
_c26664 _d26664 |
||